Board Games - Statistics

General Stats
  • This quiz has been taken 340 times
  • The average score is 1 of 15
Answer Stats
Hint Answer % Correct
The classic game of currency and building hotels Monopoly
100%
The game has become the leading board game in Israel Catan
10%
The closest thing you get to Formula1 in a card game Race
2%
The reason you collect Thunder Eggs in Ty is to get the... Talisman
2%
Boiling O+, A- Blood Rage
1%
This games has 3 versions with different themes Century
1%
This game's name is nearly the same as one of the Teletubbies Dixit
1%
If i type this name- i get sued Hoarders
1%
"Is this a police precinct, or a _____ bazaar?" Istanbul
1%
Just a Metallica song Just One
1%
√64= ? Root
1%
A different letter, and i could give this to my babies Similo
1%
Complete the lyric: " Let the _____ and your crumble" Spyfall
1%
A game where you can purchase a cantina and a mulino Viticulture
1%
Bees and wasps have so little of it Wingspan
1%
No matching quizzes found
Score Distribution
Percent of People with Each Score
Percentile by Number Answered
Your Score History
You have not taken this quiz